Paroles : Du ferme - La Fouine - Statistiques

Statistiques générales
  • Ce quiz a été pris 185 fois
  • Le résultat moyen est 325 sur 421
Statistiques - réponses
% Correct
sa
96%
Co
95%
le
95%
Le
95%
à
94%
a
94%
ferme
93%
Il
92%
il
92%
dans
91%
du
91%
Du
91%
pris
91%
piges
89%
se
89%
de
88%
vingt
88%
cocaïne
87%
la
87%
Sam
87%
Porte
86%
porte
86%
jean
84%
que
84%
pour
83%
Pour
83%
Un
83%
un
83%
Son
82%
son
82%
en
81%
fleur
81%
les
81%
Les
81%
pa
81%
cœur
80%
et
79%
Et
79%
S'en
79%
bouquet
78%
ce
78%
Dauphine
78%
faire
78%
quinze
78%
sang
78%
copines
77%
femme
77%
l'élue
77%
une
75%
quelques
74%
plus
73%
bim
72%
clients
72%
des
72%
Des
72%
elle
72%
Elle
72%
entre
72%
fourrer
72%
soirée
72%
acheta
71%
d'entrée
71%
entrain
71%
Mais
71%
mais
71%
sanguine
71%
ses
71%
sur
71%
y
71%
orange
70%
seringue
70%
draps
69%
Redouane
69%
Pas
68%
pas
68%
Vous
68%
amis
67%
crime
67%
intimes
67%
métro
67%
suite
67%
avec
66%
cette
66%
connaissez
66%
tôt
66%
fini
65%
C'est
64%
chambre
64%
console
64%
drame
64%
Ils
64%
patron
64%
est
63%
font
63%
haut
63%
keufs
63%
mis
63%
poussa
63%
premier
63%
jus
62%
quand
62%
qu'il
62%
clics,
61%
clics
61%
comparaît
61%
mat'
61%
ne
61%
rejoins
61%
savait
61%
garrot
60%
heures
60%
laissé
60%
Moussa
60%
sauta
60%
six
60%
vendait
60%
avaient
59%
ligoté
59%
Trouve
59%
ligne
58%
avait
57%
devient
57%
dring
57%
folle
57%
Mademoiselle
57%
repartir
56%
routine|tine
56%
tombe
56%
rejoindre
54%
cambriolage
53%
comme
53%
travaux
53%
va
53%
changer
52%
hall
52%
paysage
52%
traîner
52%
dit
51%
poches
51%
dope
50%
rentrait
50%
rents
48%
Samir
48%
bédo,
47%
jouer
47%
pourra
47%
team
47%
thune
46%
lycée
45%
potos
44%
Comprenez
43%
décide
43%
centimes
41%
sortait
41%
l'appellent
40%
pines
40%
taffe
40%
Yeah
38%
yeah
38%
( yeah )
38%
clean
36%
devant
36%
times
36%
devoirs
33%
per-ta
19%
( oh )
15%
Aucun quiz correspondant
Distribution des résultats
% des personnes avec chaque résultat
Percentile par nombre de réponses
Votre historique - résultats
Vous n’avez pas pris ce quiz